000 00826nam a22002897a 4500
001 BR2012002042
003 BR-BrBNA
005 20230928103922.0
007 ta
008 230509b bl.||||| |||| 00| 0 por d
040 _aBR-BrBNA
_bpor
_cBiblioteca Nacional de Agricultura
041 _a(Por)
072 _aE13; E14
090 _ E13 BR2012002042
110 1 _aBanco do Nordeste, Fortaleza, CE (Brasil)
245 1 _aCartilha do agricultor familiar: programa nacional de fortalecimento da agricultura familiar
250 1 _a3. ed.
260 3 _aFortaleza, CE (Brasil):
_c2002.
300 _a20 p.
500 _a4 illus
650 _aAGRICULTURA
650 _aPROJETO DE DESENVOLVIMENTO
650 _aCRÉDITO AGRÍCOLA
650 _aCRÉDITO RURAL
909 _a202309
_bLucia
_c55
_dLucia Elande
942 _cBK
999 _c77238
_d77238